000 00608nam a2200205 i 4500
001 23309
003 ES-MaACL
005 20230906152842.0
007 t|
008 021210s1956 sp ||||1| spa d
100 1 _aAmadeo, Mario.
_921071
245 1 3 _aLa encrucijada argentina /
_cMario Amadeo.
260 _aMadrid :
_bEdiciones y Publicaciones Españolas,
_c1956 (
_fBenzal)
300 _a270 p. ;
_c20 cm.
490 1 _aTemas actuales
651 4 _aArgentina-
_xPolítica y gobierno-
_y1943-1955.
_9171910
830 1 _aTemas actuales
_9180872
852 _aES-MaACL
_jC-12057
999 _c23309
_d23309